000 00733nam a2200289Ia 4500
005 20260324121147.0
008 008 260324s9999 xx 000 0 eng d
020 _a9781315814209
037 _aEBOOK
040 _aCRL
040 _beng
040 _cCRL
041 _2eng
041 _aeng
084 _qCRL
100 _aEisuke Saito; Masatsugu Murase; Atsushi Tsukui; John Yeo
_91161428
245 0 _aLesson Study for Learning Community
245 2 _bA guide to sustainable school reform
260 _bTaylor and Francis
260 _c2014
365 _a
365 _b230
856 _uhttp://www.taylorfrancis.com/books/9781315814209
942 _cEBOOK
999 _c1753357
_d1753357